The goal / (Record no. 343053)

000 -LEADER
fixed length control field 01136 a2200277 4500
020 ## - INTERNATIONAL STANDARD BOOK NUMBER
International Standard Book Number 070450636X
020 ## - INTERNATIONAL STANDARD BOOK NUMBER
International Standard Book Number 9780704506367
090 ## - LOCALLY ASSIGNED LC-TYPE CALL NUMBER (OCLC); LOCAL CALL NUMBER (RLIN)
-- 494
-- 494
100 1# - MAIN ENTRY--PERSONAL NAME
Personal name Goldratt, Eliyahu M.
245 14 - TITLE STATEMENT
Title The goal /
Statement of responsibility, etc. Eliyahu M. Goldratt.
250 ## - EDITION STATEMENT
Edition statement 2nd ed.
260 ## - PUBLICATION, DISTRIBUTION, ETC.
Place of publication, distribution, etc. [S.l.] :
Name of publisher, distributor, etc. Gower Publishing Ltd,
Date of publication, distribution, etc. 1989.
300 ## - PHYSICAL DESCRIPTION
Extent 288 p. ;
Dimensions 23 cm.
500 ## - GENERAL NOTE
General note Paperback.
520 ## - SUMMARY, ETC.
Summary, etc. A fully dramatized version of the practical guide to business in fictional form offers an ensemble cast, accompanied by sound effects and music, that reveals how businesses can enhance productivity and provide personal fulfillment. Book available.
650 #4 - SUBJECT ADDED ENTRY--TOPICAL TERM
Topical term or geographic name entry element Management & Business: General.
650 #4 - SUBJECT ADDED ENTRY--TOPICAL TERM
Topical term or geographic name entry element Business strategy.
650 #4 - SUBJECT ADDED ENTRY--TOPICAL TERM
Topical term or geographic name entry element Modern fiction.
650 #4 - SUBJECT ADDED ENTRY--TOPICAL TERM
Topical term or geographic name entry element Business & Economics / Strategic Planning.
650 #4 - SUBJECT ADDED ENTRY--TOPICAL TERM
Topical term or geographic name entry element FICTION / General.
650 #4 - SUBJECT ADDED ENTRY--TOPICAL TERM
Topical term or geographic name entry element Product management Fiction.
700 1# - ADDED ENTRY--PERSONAL NAME
Personal name Cox, Jeff.
856 40 - ELECTRONIC LOCATION AND ACCESS
Materials specified Amazon.com
Uniform Resource Identifier <a href="http://www.amazon.com/exec/obidos/ASIN/070450636X/chopaconline-20">http://www.amazon.com/exec/obidos/ASIN/070450636X/chopaconline-20</a>
856 40 - ELECTRONIC LOCATION AND ACCESS
Materials specified Amazon customer reviews
Uniform Resource Identifier <a href="http://www.chopac.org/cgi-bin/tools/azrev.pl?q=070450636X">http://www.chopac.org/cgi-bin/tools/azrev.pl?q=070450636X</a>
942 ## - ADDED ENTRY ELEMENTS (KOHA)
Institution code [OBSOLETE] NBS
Koha item type Book
Call number prefix 658.5 GOL
Holdings
Withdrawn status Lost status Source of classification or shelving scheme Damaged status Not for loan Permanent Location Current Location Date acquired Total Checkouts Total Renewals Full call number Barcode Date last seen Date last checked out Price effective from Koha item type Collection code Shelving location
          Central Library (CL) Central Library (CL) 08/28/2013 7 5 823 GOL NBS3395 02/02/2024 10/02/2023 08/28/2013 Book    
          Central Library (CL) Central Library (CL) 08/28/2013 12 5 823 GOL NBSP-229 04/19/2024 09/20/2022 08/28/2013 Book    
          Central Library (CL) Central Library (CL) 08/28/2013 13 7 658.5 GOL NBSP-227 02/14/2024 10/12/2023 08/28/2013 Book    
          Central Library (CL) Central Library (CL) 09/16/2014 19 3 823 GOL NBSP-225 07/10/2025 11/02/2024 09/16/2014 Book   General Stacks
© 2023 Central Library, National University of Sciences and Technology. All Rights Reserved.